000 00516nam a22001697a 4500
999 _c9251
_d9251
008 210331b ||||| |||| 00| 0 eng d
040 _aBMS College of Architecture
100 _aL, Saritha
245 _aNational institute of fashion technology at Bangalore
300 _aNA
500 _a1BM01AT024
502 _8B.Arch
_NBMS College of Architecture, Visvesvaraya Technological University
_aProject report
_d2005
650 _aInstitute
650 _aFashion
700 _aSathish Rao
_eGuide
942 _2ddc
_cTHE